000 00804 a2200217 4500
001 58557
005 20260407155841.0
008 260407a1995 arg spa d
003 AR-UNSa-BCEJYS
040 _aAR-UNSa-BCEJYS
_bspa
_cAR-UNSa-BCEJYS
080 _a351.94
_xControl de la administración por los tribunales (Tribunales de cuentas)
245 1 0 _aFunción fiscalizadora de los tribunales de cuentas y su relación con el parlamento
_bFunción jurisdiccional de los tribunales de cuentas
020 _a950-9834-70-X
264 1 _aSalta :
_bComisión Bicameral Examinadora de Obras de Autores Salteños
_c1995
300 _a87 p.
_c22 cm.
041 _aspa
942 _cBK
590 _aniveau_biblio:m niveau_hierar:0
100 1 _aMuñoz Alvarez, Ramón
700 1 _aSalgado Pérez, Carlos
999 _c6450
_d6450